000 00318nam a2200121Ia 4500
008 190216s9999||||xx |||||||||||||| ||und||
100 _aAmrilk Singh
245 0 _aQuestion Bank Political Science
260 _bAssociation Of Indian Universities
_c1983
300 _a321p
650 _aPolitical Science
942 _cREF
999 _c35496
_d35496